000 02055nam a2200397 c 4500
003 BLK
005 20230708115424.0
008 180409b bul|||||r ||||||| ||bul||
010 _aKNG00117669000
020 _a0-9737535-4-4
_bиздат.: Hermes Publ. Ltd. - (Canada)
020 _a954-328-053-3
_bиздат.: Арго Пъблишинг - (Арго Пъблишинг)
040 _aBLK
041 _aBUL
_cBUL
080 _aПолитическо преследване. Терористични действия. Тероризъм - Атентати, политически убийства. Вж и 343.1 ; 343.3/.7
_b323.28
_x(100)
_z323.28(100)
080 _aШпионаж. Политическо влияние чрез тайни (разузнавателни) служби
_b327.84
_x(73)
_z327.84(73)
100 1 _aКларк, Ричард Алан
_eпърви автор
_9312486
700 1 _aРобанов, Иван
_eпрев. от англ.
_gДимитров, Иван Георгиев
_9365227
139 _aКларк, Ричард Алан
_bК 63
245 1 0 _aСрещу всички врагове
_bВойната на Америка срещу терора
_cРичард Алан Кларк; прев. от англ. Иван Робанов.
257 _aUSA
260 София
_bHermes Publ. Ltd.
_bАрго Пъблишинг
_c2006
_fСофия : Балкан прес
300 _a356 с.
_c23 см
380 _a3
500 _aБез сведение за ориг. загл. - Иван Робанов - псевд. на Иван Георгиев Димитров.
650 4 _aТероризъм, международен
_9272425
650 4 _aСАЩ - външна политика
_9246834
653 _aтероризъм
653 _aСАЩ
653 _aвъншна политика
852 _aЦб 227158
856 4 _qpdf
_u
856 4 _qpdf
_u
942 _cKNG
_n0
_02
944 _aCR
_c05.05.2006
_lф /
_kВаля_Йорданова
944 _aED
_c29.05.2010
_lф /
_k
999 _c112304
_d112304